| 000 | 00546nam a2200241 a 4500 | ||
|---|---|---|---|
| 001 | nice12345678 | ||
| 003 | IN_TiNIC | ||
| 005 | 20260116011912.0 | ||
| 008 | 050524s1964 a grp 000 0 urd | ||
| 020 |
_a _c2.5 |
||
| 082 | 0 | 0 |
_a891.41 _bFAZ |
| 100 | _aFazlullah, Sayyid | ||
| 245 | _aDiwan-E-Qurbi | ||
| 260 |
_a _b _c1964 |
||
| 300 | _a98p | ||
| 500 | _aincludes index and biblioraphy | ||
| 505 | 2 | _aBibliography, Index | |
| 650 | _aUrdu-Poetry | ||
| 700 | 1 | _aFazlullah, Sayyid | |
| 902 | _bSRS | ||
| 942 | _cBK | ||
| 999 |
_c4827 _d4827 |
||